[Event "CHI-ch"]
[Site "Santiago"]
[Date "2024.02.24"]
[Round "9"]
[White "Gasic Merino, Franco Ignacio"]
[Black "Guerrero Cataldo, Juan Andres"]
[Result "1-0"]
[WhiteElo "2228"]
[BlackElo "1980"]
[PlyCount "75"]
[EventDate "2024.02.19"]
[EventType "swiss"]
[EventRounds "11"]
[EventCountry "CHI"]
[SourceTitle "CB09_2024"]
[SourceDate "2024.02.28"]
[SourceVersion "1"]
[SourceVersionDate "2024.02.28"]
[SourceQuality "1"]

1. d4 Nf6 2. g3 e6 3. Nf3 Be7 4. Bg2 0-0 5. 0-0 d5 6. c4 dxc4 7. Na3 c3 8. bxc3 c5 9. Ne5 Qa5 10. Qb3 cxd4 11. cxd4 Nd5 12. Nac4 Qb4 13. e4 Nf6 14. Qc2 Qb5 15. Rd1 Nc6 16. Rb1 Qa6 17. Nxc6 bxc6 18. Bf1 c5 19. Nb6 Qxb6 20. Rxb6 axb6 21. d5 Bd7 22. Bc4 exd5 23. exd5 b5 24. Bd3 c4 25. Be2 Bc5 26. Bf4 Bg4 27. Bxg4 Nxg4 28. Rd2 Rac8 29. d6 c3 30. Re2 Rfd8 31. Qf5 Bxf2+ 32. Kg2 Ne3+ 33. Bxe3 Bxe3 34. d7 Rb8 35. Rxe3 g6 36. Qe5 b4 37. Qxb8 Rxb8 38. Re8+ 1-0

[Event "CHI-ch"]
[Site "Santiago"]
[Date "2024.02.20"]
[Round "2"]
[White "Guerrero Cataldo, Juan Andres"]
[Black "Olivares Olivares, Claudio"]
[Result "0-1"]
[WhiteElo "1980"]
[BlackElo "2274"]
[PlyCount "90"]
[EventDate "2024.02.19"]
[EventType "swiss"]
[EventRounds "11"]
[EventCountry "CHI"]
[SourceTitle "CB09_2024"]
[SourceDate "2024.02.28"]
[SourceVersion "1"]
[SourceVersionDate "2024.02.28"]
[SourceQuality "1"]

1. e4 c5 2. Nf3 d6 3. Bb5+ Nd7 4. d4 cxd4 5. Qxd4 a6 6. Bxd7+ Bxd7 7. Bg5 Rc8 8. Nc3 h6 9. Bh4 e5 10. Qd3 g5 11. Bg3 Nf6 12. Nd2 Be6 13. h4 g4 14. h5 Be7 15. Bh4 Qc7 16. Nf1 Nxh5 17. g3 Bxh4 18. Rxh4 Nf6 19. Ne3 Qa5 20. Rd1 Rc6 21. Kf1 Nd7 22. Kg2 Qb4 23. Ned5 Qc4 24. Qe3 Bxd5 25. exd5 Rb6 26. Ne4 Kd8 27. b3 Qb4 28. c3 Qa5 29. b4 Qxa2 30. Nf6 Rb5 31. Rd2 Qb1 32. Ne4 Kc7 33. Qe2 f5 34. Qc4+ Kb8 35. Nxd6 Qc1 36. Qd3 Rb6 37. Nc4 e4 38. Qd4 Rc8 39. Nxb6 Nxb6 40. Rxh6 Nc4 41. Rd1 Qxh6 42. Rh1 Qd2 43. Qxd2 Nxd2 44. Rh5 Rf8 45. Rh7 Rd8 0-1

[Event "Mexican op 67th"]
[Site "Chihuahua City"]
[Date "2022.04.16"]
[Round "7"]
[White "Lopez Raygoza, Luis Alberto"]
[Black "Guerrero Cataldo, Juan Andres"]
[Result "1/2-1/2"]
[WhiteElo "2210"]
[BlackElo "1923"]
[PlyCount "79"]
[EventDate "2022.04.12"]
[EventType "swiss"]
[EventRounds "9"]
[EventCountry "MEX"]
[SourceTitle "CBM 207 Extra"]
[Source "ChessBase"]
[SourceDate "2022.05.31"]
[SourceVersion "1"]
[SourceVersionDate "2022.05.31"]
[SourceQuality "1"]

1. e4 c6 2. Nf3 d5 3. exd5 cxd5 4. Ne5 Nc6 5. Bb5 Qc7 6. d4 a6 7. Ba4 b5 8. Nxc6 Qxc6 9. Bb3 Nf6 10. a4 Bd7 11. Nd2 e6 12. Nf3 Bd6 13. Ne5 Bxe5 14. dxe5 Ne4 15. Qg4 Rg8 16. 0-0 Qc7 17. axb5 Bxb5 18. Re1 Nc5 19. Be3 Nd7 20. Bg5 Nb6 21. Bd2 Nc4 22. Bxc4 Qxc4 23. Qg5 h6 24. Qg3 g5 25. Rec1 Rc8 26. Qa3 d4 27. Qg3 Rc5 28. b3 Qe2 29. Bb4 Rc7 30. c4 dxc3 31. Bxc3 Qd3 32. Qxd3 Bxd3 33. Ba5 Rxc1+ 34. Rxc1 Kf8 35. f3 Kg7 36. Kf2 Rb8 37. Rc3 Bb5 38. g4 Kg6 39. Ke3 h5 40. gxh5+ 1/2-1/2

[Event "CHI-ch sf"]
[Site "Quilpue"]
[Date "2022.02.07"]
[Round "7"]
[White "Guerrero Cataldo, Juan Andres"]
[Black "Rosales Schulz, Robin"]
[Result "0-1"]
[WhiteElo "1976"]
[BlackElo "2133"]
[PlyCount "90"]
[EventDate "2022.02.04"]
[EventType "swiss"]
[EventRounds "8"]
[EventCountry "CHI"]
[SourceTitle "EXT 2023"]
[Source "ChessBase"]
[SourceDate "2022.10.05"]
[SourceVersion "1"]
[SourceVersionDate "2022.10.05"]
[SourceQuality "1"]

1. Nf3 d5 2. c4 e6 3. g3 Nf6 4. Bg2 Be7 5. 0-0 0-0 6. d4 c6 7. Nbd2 b6 8. Qc2 Bb7 9. Rd1 Na6 10. a3 c5 11. e3 Rc8 12. Ne5 Qc7 13. cxd5 Bxd5 14. e4 Bb7 15. Nef3 Rfd8 16. e5 Nd5 17. Ne4 h6 18. dxc5 Nxc5 19. Nxc5 Qxc5 20. Qe2 Qc2 21. Qe1 Rc7 22. Nd4 Qa4 23. b3 Qe8 24. Bd2 Rdc8 25. a4 a6 26. Bh3 Bc5 27. Ne2 a5 28. Rac1 Nb4 29. Rxc5 bxc5 30. Nf4 c4 31. bxc4 Rxc4 32. Qe2 Qxa4 33. Nxe6 Qc6 34. f3 fxe6 35. Bxb4 axb4 36. Rd6 Qc5+ 37. Kg2 Qxd6 38. exd6 Rc2 39. Bxe6+ Kf8 40. Bxc8 Rxe2+ 41. Kf1 Bxf3 42. Bb7 Bxb7 43. Kxe2 Kf7 44. Kd3 Bd5 45. Kd4 Ke6 0-1

[Event "CHI-ch sf"]
[Site "Quilpue"]
[Date "2022.02.05"]
[Round "4"]
[White "Abarca Gonzalez, Nicolas"]
[Black "Guerrero Cataldo, Juan Andres"]
[Result "1-0"]
[WhiteElo "2390"]
[BlackElo "1976"]
[PlyCount "55"]
[EventDate "2022.02.04"]
[EventType "swiss"]
[EventRounds "8"]
[EventCountry "CHI"]
[SourceTitle "CBM 206 Extra"]
[Source "ChessBase"]
[SourceDate "2022.03.31"]
[SourceVersion "1"]
[SourceVersionDate "2022.03.31"]
[SourceQuality "1"]

1. c4 e5 2. Nc3 Nc6 3. g3 g6 4. Bg2 Bg7 5. e3 d6 6. Nge2 f5 7. d4 Bd7 8. 0-0 Nf6 9. a3 0-0 10. b4 Rb8 11. Bb2 a6 12. Rc1 h6 13. Qb3 Kh7 14. Rfd1 Qe8 15. Nd5 Rc8 16. c5 Nxd5 17. Bxd5 f4 18. exf4 Bg4 19. Re1 Qd7 20. dxe5 dxe5 21. fxe5 Nxe5 22. Nf4 Rce8 23. Bxe5 Bxe5 24. c6 bxc6 25. Bxc6 Qd2 26. Bxe8 Bd4 27. Rxc7+ Bg7 28. Ree7 1-0

[Event "CHI-ch sf"]
[Site "Quilpue"]
[Date "2022.02.05"]
[Round "3"]
[White "Guerrero Cataldo, Juan Andres"]
[Black "Gutierrez Montes, Sebastian"]
[Result "0-1"]
[WhiteElo "1976"]
[BlackElo "2167"]
[PlyCount "100"]
[EventDate "2022.02.04"]
[EventType "swiss"]
[EventRounds "8"]
[EventCountry "CHI"]
[SourceTitle "CBM 206 Extra"]
[Source "ChessBase"]
[SourceDate "2022.03.31"]
[SourceVersion "1"]
[SourceVersionDate "2022.03.31"]
[SourceQuality "1"]

1. e4 c5 2. Nf3 d6 3. Bb5+ Bd7 4. a4 Nc6 5. 0-0 Nf6 6. Re1 g6 7. c3 Bg7 8. d4 cxd4 9. cxd4 d5 10. exd5 Nxd5 11. Nc3 Ncb4 12. Bxd7+ Qxd7 13. Ne5 Qd8 14. Qb3 a5 15. Nb5 Rc8 16. Nc4 0-0 17. Bg5 h6 18. Bh4 Qd7 19. Rac1 Qg4 20. Bg3 b6 21. h3 Qf5 22. Red1 h5 23. Nc3 Bh6 24. Rb1 Rfd8 25. Ne5 Nf4 26. Bxf4 Bxf4 27. g4 hxg4 28. hxg4 Qf6 29. Ne4 Qg7 30. Nf3 g5 31. Kg2 Qg6 32. Ng3 Bxg3 33. Kxg3 Qd6+ 34. Ne5 Nd5 35. Rh1 Kg7 36. Qd3 Rh8 37. Rh5 Rxh5 38. gxh5 Qf6 39. Ng4 Qf4+ 40. Kh3 f5 41. h6+ Kh8 42. Rg1 Rc1 43. Rxc1 fxg4+ 44. Kg2 Qxc1 45. Qe4 Nf4+ 46. Kh2 g3+ 47. Kxg3 Qg1+ 48. Kf3 Qh1+ 49. Ke3 Nd5+ 50. Kd3 Qb1+ 0-1

[Event "CHI-ch sf"]
[Site "Quilpue"]
[Date "2020.01.31"]
[Round "3"]
[White "Guerrero Cataldo, Juan Andres"]
[Black "Henriquez Acuna, Julio"]
[Result "1/2-1/2"]
[WhiteElo "2082"]
[BlackElo "1994"]
[PlyCount "94"]
[EventDate "2020.01.30"]
[EventType "swiss"]
[EventRounds "8"]
[EventCountry "CHI"]
[SourceTitle "CBM 194 Extra"]
[Source "ChessBase"]
[SourceDate "2020.03.31"]
[SourceVersion "1"]
[SourceVersionDate "2020.03.31"]
[SourceQuality "1"]

1. c4 Nf6 2. Nc3 g6 3. g3 c5 4. Bg2 Nc6 5. e3 Bg7 6. Nge2 0-0 7. 0-0 a6 8. d4 d6 9. b3 Rb8 10. Bb2 Na5 11. dxc5 dxc5 12. Qxd8 Rxd8 13. Rad1 Bg4 14. h3 Bd7 15. Rd2 Bc6 16. Rfd1 Rxd2 17. Rxd2 Bxg2 18. Kxg2 b5 19. cxb5 axb5 20. g4 h6 21. Nf4 b4 22. Ncd5 Nxd5 23. Nxd5 Bxb2 24. Rxb2 Rd8 25. Nb6 Rd1 26. Rc2 Nb7 27. Na4 Rd6 28. Kf3 Rc6 29. Nb2 Kf8 30. Nd3 Ke8 31. Ke2 Ra6 32. f4 Kd7 33. Ne5+ Ke6 34. Nd3 Ra5 35. Kf3 f5 36. Ne5 fxg4+ 37. hxg4 g5 38. Nc4 Ra8 39. Rh2 gxf4 40. Rxh6+ Kf7 41. exf4 Rxa2 42. Rb6 Nd6 43. Nxd6+ exd6 44. Rxd6 Ra3 45. Ke4 Rxb3 46. Rd7+ Ke6 47. Rd3 Rxd3 1/2-1/2

[Event "Pan American-ch U20"]
[Site "Cochabamba"]
[Date "2019.08.06"]
[Round "9"]
[White "Guerrero Cataldo, Juan Andres"]
[Black "Ccerhuayo Escobedo, Mels Leopold"]
[Result "1-0"]
[WhiteElo "2035"]
[BlackElo "1820"]
[PlyCount "61"]
[EventDate "2019.08.01"]
[EventType "swiss"]
[EventRounds "9"]
[EventCountry "BOL"]
[SourceTitle "EXT 2021"]
[Source "ChessBase"]
[SourceDate "2020.10.23"]
[SourceVersion "1"]
[SourceVersionDate "2020.10.23"]
[SourceQuality "1"]

1. d4 Nf6 2. Nf3 e6 3. c4 d5 4. Nc3 a6 5. g3 dxc4 6. Bg2 Nc6 7. 0-0 Rb8 8. b3 cxb3 9. axb3 Bb4 10. Bb2 0-0 11. e3 b5 12. Ne1 Nd5 13. Ne4 f5 14. Rc1 fxe4 15. Rxc6 Qd7 16. Rc1 Nf6 17. Nc2 Bd6 18. Na3 Bb7 19. Nb1 a5 20. Nc3 a4 21. bxa4 bxa4 22. Qc2 Ba6 23. Nxe4 Bxf1 24. Nxf6+ Rxf6 25. Rxf1 Qb5 26. Ba1 a3 27. e4 e5 28. Qa2+ Qb3 29. Qxb3+ Rxb3 30. dxe5 Bxe5 31. Bxe5 1-0

[Event "Pan American-ch U20"]
[Site "Cochabamba"]
[Date "2019.08.02"]
[Round "3"]
[White "Guerrero Cataldo, Juan Andres"]
[Black "Santiago Vilca, Christian Amilca"]
[Result "0-1"]
[WhiteElo "2035"]
[BlackElo "2256"]
[PlyCount "74"]
[EventDate "2019.08.01"]
[EventType "swiss"]
[EventRounds "9"]
[EventCountry "BOL"]
[SourceTitle "EXT 2020"]
[Source "ChessBase"]
[SourceDate "2019.10.17"]
[SourceVersion "1"]
[SourceVersionDate "2019.10.17"]
[SourceQuality "1"]

1. d4 Nf6 2. Nf3 g6 3. g3 Bg7 4. Bg2 0-0 5. 0-0 d6 6. c4 Nc6 7. Nc3 Bf5 8. Re1 Ne4 9. h3 Qd7 10. g4 Nxc3 11. bxc3 Be4 12. Qa4 Rfd8 13. Nd2 Bxg2 14. Kxg2 b6 15. Ba3 a6 16. e4 b5 17. cxb5 axb5 18. Qb3 Na5 19. Qc2 c5 20. dxc5 dxc5 21. Rad1 Qc6 22. Nf3 Rxd1 23. Rxd1 Nc4 24. Bc1 Nd6 25. Re1 Ra4 26. e5 Nc4 27. Bf4 Qa8 28. Qb3 Ra3 29. Qxb5 Rxc3 30. Be3 Nxe5 31. Qe2 Ra3 32. Rc1 Rxa2 33. Qd1 c4 34. Bc5 Nd3 35. Rxc4 Nb2 36. Qc1 Nxc4 37. Qxc4 Ra4 0-1

[Event "CHI-ch sf"]
[Site "Quilpue"]
[Date "2016.12.18"]
[Round "8"]
[White "Guerrero Cataldo, Juan Andres"]
[Black "Ledezma Panades, Hernan Javier"]
[Result "1/2-1/2"]
[WhiteElo "1743"]
[BlackElo "1884"]
[PlyCount "41"]
[EventDate "2016.12.14"]
[EventType "swiss"]
[EventRounds "8"]
[EventCountry "CHI"]
[SourceTitle "EXT 2018"]
[Source "ChessBase"]
[SourceDate "2017.10.13"]
[SourceVersion "1"]
[SourceVersionDate "2017.10.13"]
[SourceQuality "1"]

1. d4 Nf6 2. Nf3 d5 3. c4 e6 4. g3 Be7 5. Bg2 0-0 6. 0-0 b6 7. Nc3 Bb7 8. Qc2 dxc4 9. Rd1 Qc8 10. e4 Nbd7 11. Nd2 e5 12. Nxc4 exd4 13. Rxd4 Bc5 14. Rd1 Ng4 15. Rf1 Nde5 16. Nxe5 Nxe5 17. Nd5 Kh8 18. Bf4 Bd6 19. Rac1 c6 20. Qd2 Qe6 21. Ne3 1/2-1/2

[Event "CHI-ch sf"]
[Site "Quilpue"]
[Date "2016.12.14"]
[Round "1"]
[White "Gutierrez Montes, Sebastian"]
[Black "Guerrero Cataldo, Juan Andres"]
[Result "1-0"]
[WhiteElo "2130"]
[BlackElo "1743"]
[PlyCount "64"]
[EventDate "2016.12.14"]
[EventType "swiss"]
[EventRounds "8"]
[EventCountry "CHI"]
[SourceTitle "EXT 2018"]
[Source "ChessBase"]
[SourceDate "2017.10.13"]
[SourceVersion "1"]
[SourceVersionDate "2017.10.13"]
[SourceQuality "1"]

1. e4 c5 2. Nf3 e6 3. b3 Nc6 4. Bb2 d5 5. exd5 exd5 6. Bb5 Qe7+ 7. Be2 Bg4 8. 0-0 d4 9. Nxd4 Bxe2 10. Nxe2 0-0-0 11. Re1 Qg5 12. Ng3 Nf6 13. d3 Bd6 14. Nd2 h5 15. Nde4 Qh4 16. Nxd6+ Rxd6 17. Nf5 Qf4 18. Nxd6+ Qxd6 19. Qf3 Nd4 20. Bxd4 Qxd4 21. c3 Qd6 22. d4 Ng4 23. Qg3 Qxg3 24. hxg3 cxd4 25. cxd4 Kd7 26. Rac1 Rh6 27. f3 Nf6 28. Re5 Ne8 29. Rce1 Nd6 30. d5 Kc7 31. Re7+ Kb6 32. Rd7 g5 1-0